Mixed Word: 4 and 5 Letter Common Theme Quiz Stats

 Plays Quiz Updated Jan 6, 2012

Support Sporcle.
Go Orange.
Score 0/22 Timer 03:00
3 Plays Today
Mixed Word Answer % Correct
LWLIWill
99.1%
OOFDFood
97.2%
LAFLFall
96.3%
VOLELove
96.1%
MEITTime
95.4%
SPRESPress
94.6%
DEIRRide
91.1%
ARCECare
90.3%
ODRLWWorld
89.7%
RGUDDrug
88.2%
KIRSRisk
87.2%
Mixed Word Answer % Correct
UNCHLLunch
86.9%
SANDHHands
86.9%
DRIBBird
85.7%
TTAESState
83.6%
BEASBase
83.2%
KABREBreak
82.2%
GARSUSugar
77.1%
DETRATrade
74.8%
RAGNERange
65.3%
CLANELance
57.3%
Common Theme: Free
24.1%

You're not logged in!

Compare scores with friends on all Sporcle quizzes.
OR
Log In

From the Vault

Different Team, Same Name

by pdigoe

You'd think teams would want to be more unique.
Remove Ads.
Support Sporcle.
Get the best of Sporcle when you Go Orange. This ad-free experience offers more features, more stats, and more fun while also helping to support Sporcle. Thank you for becoming a member.

Show Comments

Extras

Top Quizzes Today


Score Distribution

Your Account Isn't Verified!

In order to create a playlist on Sporcle, you need to verify the email address you used during registration. Go to your Sporcle Settings to finish the process.

Report this User

Report this user for behavior that violates our Community Guidelines.

Details: